000 00717nam a2200277Ia 4500
005 20260320195856.0
008 008 262003s9999 xx 000 0 hin d
020 _a9788126727346
037 _aEBOOK
040 _aCRL
040 _bhin
040 _cCRL
041 _2hin
041 _ahin
084 _qCRL
100 _aओम प्रकाश प्रसाद
245 0 _aकौटिल्य का अर्थशास्त्र
250 _a3rd
260 _bRajkamal
260 _c2014
300 _a447
856 _uhttps://ebook.indiaread.in/pdfs/1139_kautilya_ka_arthashastra_by_om_prakash_prasad.pdf
942 _cEBOOK
999 _c1716961
_d1716961